Proceedings of the second international symposium on numerical analysis : Konf. Prague, 1987 /

Uložené v:
Podrobná bibliografia
Ďalší autori: Marek, I (Zostavovateľ, kompilátor)
Médium: Kniha
Jazyk:English
Vydavateľské údaje: Leipzig : BSB Teubner, 1988
Edícia:Teubner-Texte zur Mathematik Band 107.
Tagy: Pridať tag
Žiadne tagy, Buďte prvý, kto otaguje tento záznam!

MARC

LEADER 00000nam a22000003a 4500
001 stu1709
005 20150617225619.6
008 920526s1988----ge------------------eng-d
040 |a STU  |b slo 
041 0 |a eng 
044 |a ge 
080 |a 061.3(08) 
080 |a 519.6 
100 1 |a Marek, I  |4 com 
245 1 |a Proceedings of the second international symposium on numerical analysis :  |b Konf. Prague, 1987 /  |c Edit.: Marek,I 
260 |a Leipzig :  |b BSB Teubner,  |c 1988 
300 |a 315 s 
830 0 |a Teubner-Texte zur Mathematik  |v Band 107. 
996 |b E68515  |c E*68515  |l EE03  |s P  |a 0  |w stu1709_0001